[Event "Lugano op"]
[Site "Lugano"]
[Date "1988.??.??"]
[Round "?"]
[White "Boensch, Uwe"]
[Black "Izeta Txabarri, Felix"]
[Result "1-0"]
[WhiteElo "2575"]
[BlackElo "2330"]

1.d4 Nf6 2.c4 e6 3.Nc3 Bb4 4.Qc2 O-O 5.Nf3 c5 6.dxc5 Na6 7.g3 Nxc5 8.Bg2 Nce4
9.Bd2 Nxd2 10.Nxd2 d5 11.O-O b6 12.cxd5 Bxc3 13.Qxc3 Nxd5 14.Qa3 Bb7 15.Nc4 Re8
16.e4 Nf6 17.Nd6 Re7 18.Rad1 Qb8 19.Rd3 Rd7 20.Rfd1 e5 21.f4 Re7 22.fxe5 Rxe5
23.Qc3 Rc5 24.Qb3 Bd5 25.Rxd5 Nxd5 26.e5 Qc7 27.Bxd5 Rf8 28.Nxf7 Rxd5 29.Qxd5 Qxf7
30.Qxf7+ Kxf7 31.Rf1+  1-0

[Event "Marseille"]
[Site "Marseille"]
[Date "1988.??.??"]
[Round "?"]
[White "Kouatly, Bachar"]
[Black "Petursson, Margeir"]
[Result "1/2-1/2"]
[WhiteElo "2440"]
[BlackElo "2530"]

1.d4 Nf6 2.c4 e6 3.Nc3 Bb4 4.Qc2 O-O 5.Nf3 d6 6.Bd2 b6 7.e4 e5 8.d5 Nbd7
9.a3 Bxc3 10.Bxc3 a5 11.b4 axb4 12.axb4 Rxa1+ 13.Bxa1 Nh5 14.g3 Ndf6 15.Bg2 Bd7
16.O-O Qb8 17.Nh4 Re8 18.Nf5 Bxf5 19.exf5 Nd7 20.Bb2 Nhf6 21.h3 e4 22.g4 h6
23.Re1 Ne5 24.Bxe5 Rxe5 25.Bxe4 Qe8 26.f3 b5 27.Kf2 Qa8 28.Re2 Qa1 29.Kg2 Qd4
30.Rd2 Qe3 31.Re2 Qd4 32.Rd2 Qe3 33.cxb5 Re8 34.Re2 Qd4 35.Qd2 Qxd2 36.Rxd2 Nxe4
37.fxe4 Rxe4 38.b6 cxb6 39.Rc2 Re7  1/2-1/2

[Event "Moscow-A"]
[Site "Moscow"]
[Date "1988.??.??"]
[Round "?"]
[White "Smagin, Sergey"]
[Black "Levitt, Jonathan"]
[Result "1/2-1/2"]
[WhiteElo "2550"]
[BlackElo "2485"]

1.d4 Nf6 2.c4 e6 3.Nc3 Bb4 4.Qc2 O-O 5.Nf3 c5 6.dxc5 Na6 7.Bg5 Nxc5 8.Nd2 Qa5
9.Bxf6 gxf6 10.Rc1 Bxc3 11.Qxc3 Qxc3 12.Rxc3 b6 13.b4 Nb7 14.g4 a5 15.b5 Nc5
16.Bg2 Ra7 17.f4 Rc7 18.Kf2 Bb7 19.Bxb7 Rxb7 20.Rd1 Rc8 21.Kf3 Rbc7 22.Ra3 Kf8
23.Kf2 h6 24.Rh3 Kg7 25.Re3 Na4 26.Rb1 d5 27.Ra3 Nc5 28.cxd5 Rd8 29.Ke1 Rxd5
30.Nc4 Nd7 31.Ra4 Rcc5 32.Ne3 Rxb5 33.Rc1 Rdc5 34.Rd1 Rc7 35.Rad4 Nc5 36.Nf1 Rb4
37.Rxb4 axb4 38.Rd4 Na6 39.Ng3 Rc1+ 40.Kd2 Ra1 41.Rd8 Rxa2+ 42.Kc1 f5 43.gxf5 exf5
44.Rd6 Nc5  1/2-1/2

[Event "Muenster ELO"]
[Site "Muenster"]
[Date "1988.??.??"]
[Round "6"]
[White "Hoellmann, Ludger"]
[Black "Wiemer, Ralf"]
[Result "1/2-1/2"]
[WhiteElo "2255"]
[BlackElo "2285"]

1.d4 Nf6 2.c4 e6 3.Nc3 Bb4 4.Qc2 O-O 5.Bg5 d6 6.e3 Nbd7 7.Nf3 h6 8.Bh4 b6
9.Be2 Bb7 10.O-O Bxc3 11.Qxc3 g5 12.Bg3 Ne4 13.Qc2 f5 14.Nd2 Ndf6 15.Nxe4 Nxe4
16.Rad1 Qf6 17.Bd3 Rae8 18.b4 e5 19.dxe5 dxe5 20.c5 Kh8 21.Qc4 g4 22.Bxe4 Bxe4
23.cxb6 cxb6 24.Rd7 Rc8 25.Rc7 Bd3 26.Qd5 Rcd8 27.Qxe5 Bxf1  1/2-1/2

[Event "New York op"]
[Site "New York"]
[Date "1988.??.??"]
[Round "?"]
[White "Foisor, Ovidiu"]
[Black "Sisniega, Marcel"]
[Result "1-0"]
[WhiteElo "2495"]
[BlackElo "2410"]

1.d4 Nf6 2.c4 e6 3.Nc3 Bb4 4.Qc2 O-O 5.Nf3 b6 6.e4 d5 7.e5 Ne4 8.Bd3 Bb7
9.O-O Bxc3 10.bxc3 h6 11.cxd5 exd5 12.c4 Na6 13.Rb1 c6 14.Bxe4 dxe4 15.Qxe4 Qd7
16.Ba3 Rfe8 17.Rfd1 Rad8 18.h3 c5 19.d5 Qa4 20.Qd3 Nc7 21.Qb3 Qa5 22.Bc1 b5
23.Be3 Ba8 24.d6 bxc4 25.Qxc4 Ne6 26.Nh4 Nf8 27.f4 Nd7 28.Rb2 Qa3 29.Qb3 Qa5
30.Nf5 Rb8 31.Qc2 Rxb2 32.Qxb2 Rb8 33.Qf2 Qa4 34.Re1 Qe4 35.Ne7+ Kf8 36.Kh2 Qc4
37.Nf5 Qd5 38.Re2 Qd3 39.Ng3 Rc8 40.Rd2 Qb5 41.Rb2 Qa5 42.Qd2 Qxd2 43.Bxd2 c4
44.Ne2 Rc5 45.Nc3 Bc6 46.Rb4  1-0

[Event "Reykjavik op"]
[Site "Reykjavik"]
[Date "1988.??.??"]
[Round "?"]
[White "Thorsteinsson, Arnar"]
[Black "Hardarson, Robert"]
[Result "1-0"]
[WhiteElo "2100"]
[BlackElo "2295"]

1.d4 Nf6 2.c4 e6 3.Nc3 Bb4 4.Qc2 O-O 5.a3 Bxc3+ 6.Qxc3 d5 7.Bg5 Nbd7 8.cxd5 exd5
9.e3 c6 10.Bd3 Ne4 11.Bxd8 Nxc3 12.Bc7 Ne4 13.Ne2 Re8 14.f3 Nef6 15.Kd2 c5
16.Nc3 b6 17.Nb5 a6 18.Nd6 Rf8 19.Nxc8 Rfxc8 20.Bf4 Nf8 21.b4 Ne6 22.bxc5 Nxf4
23.exf4 bxc5 24.dxc5 Rxc5 25.Rhb1 Ne8 26.Rb6 a5 27.Rc1 Rxc1 28.Kxc1 h6 29.Kd2 Kf8
30.Ke3 Ra7 31.Kd4 Nc7 32.f5 Ke7 33.g4 Ra8 34.h4 Rg8 35.Kc5 Rc8 36.Rb7 Kd8
37.Ra7 Ne8+ 38.Kd4 Rc7 39.Rxa5 Nf6 40.g5 hxg5 41.hxg5 Nd7 42.Rxd5 Ke7 43.Ra5 Rc1
44.Bb5 Rd1+ 45.Ke3 Ne5 46.f4 Ng4+ 47.Kf3 Rg1 48.Ra7+ Kd6 49.Rxf7 Nh2+ 50.Kf2 Rb1
51.Be2 Rb2 52.Rxg7 Ng4+ 53.Kf3 Nh2+ 54.Ke3 Rb3+ 55.Kd2 Rb2+ 56.Kd1  1-0

[Event "Schoeneck op"]
[Site "Schoeneck"]
[Date "1988.??.??"]
[Round "5"]
[White "Mohr, Stefan"]
[Black "Brunner, Lucas"]
[Result "1-0"]
[WhiteElo "2470"]
[BlackElo "2425"]

1.d4 Nf6 2.c4 e6 3.Nc3 Bb4 4.Qc2 O-O 5.a3 Bxc3+ 6.Qxc3 b6 7.Nf3 Bb7 8.b4 d6
9.Bb2 Nbd7 10.e3 Qe7 11.Bd3 c5 12.O-O Rac8 13.dxc5 bxc5 14.b5 e5 15.Nd2 g6
16.Rad1 Nh5 17.Be4 Nb6 18.Bxb7 Qxb7 19.Qd3 Rcd8 20.Ne4 Nc8 21.f4 f5 22.Nc3 e4
23.Qc2 Nf6 24.Nd5 Nxd5 25.Rxd5 h6 26.a4 Kh7 27.a5 Rf7 28.Rfd1 Rg8 29.Kh1 Qe7
30.Rg1 g5 31.fxg5 Qxg5 32.Qf2 Rg6 33.g4 Ne7 34.h4 Qxg4 35.Rxg4 Rxg4 36.Rxd6 f4
37.Rf6 Rxf6 38.Bxf6 Nf5 39.exf4 Kg6 40.Bd8 e3 41.Qf3 Rg3 42.h5+ Kg7 43.Qb7+ Kf8
44.Qe4 Nd4 45.Be7+ Kf7 46.Bxc5  1-0

[Event "Tatran Cup"]
[Site "Stary Smokovec"]
[Date "1988.??.??"]
[Round "7"]
[White "Drasko, Milan"]
[Black "Cvetkovic, Srdjan"]
[Result "1/2-1/2"]
[WhiteElo "2510"]
[BlackElo "2450"]

1.d4 Nf6 2.c4 e6 3.Nc3 Bb4 4.Qc2 O-O 5.a3 Bxc3+ 6.Qxc3 b6 7.Bg5 Bb7 8.f3 d5
9.Rc1 Na6 10.e3 c5 11.dxc5  1/2-1/2

[Event "Tatran Cup"]
[Site "Stary Smokovec"]
[Date "1988.??.??"]
[Round "11"]
[White "Petran, Peter"]
[Black "Stohl, Igor"]
[Result "0-1"]
[WhiteElo "2335"]
[BlackElo "2450"]

1.d4 Nf6 2.c4 e6 3.Nc3 Bb4 4.Qc2 O-O 5.a3 Bxc3+ 6.Qxc3 b6 7.Nf3 Bb7 8.e3 d6
9.b3 Nbd7 10.Bb2 a5 11.Be2 Ne4 12.Qc2 f5 13.Bd3 Ng5 14.Nxg5 Qxg5 15.O-O-O Rae8
16.Rhg1 Be4 17.Rd2 Bxd3 18.Qxd3 f4 19.f3 fxe3 20.Re2 Rxf3 21.gxf3 Qxg1+ 22.Kc2 e5
23.Qxe3 Qxe3 24.Rxe3 Kf7 25.Kd3 g6 26.b4 axb4 27.axb4 exd4 28.Rxe8 Kxe8 29.Bxd4 c5
30.bxc5 bxc5 31.Bc3 Kf7 32.f4 Ke6 33.Ba5 d5 34.Bc7 Nf6 35.Bb6 Kd6 36.h3 Nh5
37.cxd5 Kxd5 38.Ke3 c4 39.Ba5 Ng3 40.Bc3 Nf5+ 41.Kf3 Nd6 42.Ke3 Nb5 43.Bg7 Ke6
44.Ke4 Nd6+ 45.Kf3 Kf5 46.Ke3 Ne4 47.Bb2 c3 48.Ba1 h6 49.h4 h5 50.Kf3 c2  0-1

[Event "Thessaloniki ol (Women)"]
[Site "Thessaloniki"]
[Date "1988.??.??"]
[Round "?"]
[White "Baumann, Claude"]
[Black "Caels, Viviane"]
[Result "1/2-1/2"]
[WhiteElo "2015"]
[BlackElo "2005"]

1.d4 Nf6 2.c4 e6 3.Nc3 Bb4 4.Qc2 O-O 5.Nf3 c5 6.dxc5 Na6 7.a3 Bxc3+ 8.Qxc3 Nxc5
9.g3 Qe7 10.Bg2 d5 11.b4 Nce4 12.Qc2 dxc4 13.Qxc4 Nd6 14.Qa2 e5 15.O-O Be6
16.Qd2 Nc4 17.Qe1 Bd5 18.Nd2 Bxg2 19.Kxg2 Nxd2 20.Bxd2 Ne4 21.Be3 b6 22.f3 Nd6
23.Rc1 Rac8 24.Rc3 Rc4 25.Rxc4 Nxc4 26.Qc3 Rc8 27.Kf2 Qd7 28.Rc1 b5 29.Bc5 Rd8
30.a4 a6 31.axb5 axb5 32.Ra1 Qh3 33.Kg1 h5 34.Qc2 g6 35.Qe4 Kg7 36.Be3 Qf5
37.Qxf5 gxf5 38.Bc5 Rd7 39.Kf2 f6 40.Ra8 Nd6  1/2-1/2

[Event "Thessaloniki ol (Men)"]
[Site "Thessaloniki"]
[Date "1988.??.??"]
[Round "3"]
[White "Nogueiras, Jesus"]
[Black "Van der Wiel, John TH"]
[Result "1/2-1/2"]
[WhiteElo "2550"]
[BlackElo "2540"]

1.d4 Nf6 2.c4 e6 3.Nc3 Bb4 4.Qc2 O-O 5.a3 Bxc3+ 6.Qxc3 b6 7.Bg5 c5 8.dxc5 bxc5
9.e3 Nc6 10.Bd3 Qa5 11.Ne2 Rb8 12.Rb1 Ba6 13.Bf4 Rb3 14.Qxa5 Nxa5 15.Nc1 Rb7
16.b3 d5 17.cxd5 Bxd3 18.Nxd3 Rxb3 19.Rxb3 Nxb3 20.dxe6 fxe6 21.Be5 Ng4 22.Bc3 c4
23.Nf4 e5 24.h3 Nxe3 25.fxe3 exf4 26.exf4 Rxf4 27.Ke2 Re4+ 28.Kf3 Re7 29.Rd1 Rf7+
30.Ke3 Re7+ 31.Kf3 Rf7+  1/2-1/2

[Event "Thessaloniki ol (Men)"]
[Site "Thessaloniki"]
[Date "1988.??.??"]
[Round "6"]
[White "Santa Torres, Luis"]
[Black "Rivas Pastor, Manuel"]
[Result "0-1"]
[WhiteElo "2210"]
[BlackElo "2505"]

1.d4 Nf6 2.c4 e6 3.Nc3 Bb4 4.Qc2 O-O 5.Bg5 h6 6.Bh4 c5 7.dxc5 Nc6 8.e3 Bxc5
9.Rd1 Be7 10.Nf3 b6 11.Be2 Bb7 12.O-O Rc8 13.Nb5 d5 14.Qb1 a6 15.Nbd4 Nxd4
16.Nxd4 Rc7 17.cxd5 Nxd5 18.Bg3 Rd7 19.Nf3 Nf6 20.Rxd7 Qxd7 21.Ne5 Qa4 22.Bd1 Qb5
23.Bf3 Bxf3 24.Nxf3 Rc8 25.Rc1 Rxc1+ 26.Qxc1 Bc5 27.Qc2 a5 28.h3 Nd5 29.Nd4 Bxd4
30.Qc8+ Kh7 31.Qc2+ g6 32.exd4 Qb4 33.Be5 f6 34.Qc6 Qe7 35.Bd6 Qf7 36.a3 g5
37.Qc2+ Kg7 38.Qc8 h5 39.Kh2 h4 40.Kg1 Kh6 41.Qh8+ Kg6 42.Qc8 Kh7 43.Kh2 Qg8
44.Qd7+ Kg6 45.Kg1 Kf5 46.Qc6 Kg6 47.Qd7 Kh5 48.Kf1 g4 49.hxg4+ Kxg4 50.Qb5 Qc8
51.Qe2+ Kg5 52.Qd2+ Kg6 53.Kg1 Qc6 54.Bf8 Kf7 55.Bh6 Ne7 56.Be3 Nf5 57.Kh2 Qe4
58.Kg1 h3 59.Kf1  0-1

[Event "Thessaloniki ol (Men)"]
[Site "Thessaloniki"]
[Date "1988.??.??"]
[Round "8"]
[White "Lev, Ronen"]
[Black "Miralles, Gilles"]
[Result "1/2-1/2"]
[WhiteElo "2415"]
[BlackElo "2405"]

1.d4 Nf6 2.c4 e6 3.Nc3 Bb4 4.Qc2 O-O 5.a3 Bxc3+ 6.Qxc3 b6 7.Nf3 Bb7 8.g3 d6
9.Bg2 Nbd7 10.O-O c5 11.dxc5 Nxc5 12.Bf4 Rc8 13.Rad1 Nce4 14.Qd3 Ba6 15.b3 d5
16.Ne5 Qe7 17.Qe3 Qd8 18.g4 Bb7 19.g5 Nh5 20.Bxe4 dxe4 21.Ng4 f6 22.h4 e5
23.Bh2 Qd6 24.f3 exf3 25.exf3 e4 26.gxf6 Nxf6 27.Qg5 exf3 28.Nxf6+ Qxf6 29.Qxf6 gxf6
30.Kf2 Kf7 31.Rfe1 Kg6 32.Bd6 Rfd8 33.Be7 Rxd1 34.Rxd1 Re8 35.Rd7 Be4 36.Rxa7 Kf5
37.c5 Rg8 38.Rd7 Rg2+ 39.Ke1 Ke6 40.c6 Rc2 41.Bb4 Bxc6 42.Rd2 Rc1+ 43.Kf2 Bd5
44.Rb2 Rh1 45.Bc3 Rxh4 46.a4 Rh2+ 47.Ke3 Rg2 48.Bd4 h5 49.Rxg2 fxg2 50.Kf2 b5
51.axb5 h4 52.Bb6 Kf5 53.Bd8 Kg6 54.b6 h3 55.Bc7 Kg5 56.Bh2 Kg4 57.Bg1 f5
58.Bh2 Bb7 59.Bg1 Kf4 60.Bh2+ Ke4 61.b4 Bc6  1/2-1/2

[Event "Thessaloniki ol (Men)"]
[Site "Thessaloniki"]
[Date "1988.??.??"]
[Round "8"]
[White "Georgiev, Kiril"]
[Black "Hjartarson, Johann"]
[Result "1/2-1/2"]
[WhiteElo "2595"]
[BlackElo "2610"]

1.d4 Nf6 2.c4 e6 3.Nc3 Bb4 4.Qc2 O-O 5.a3 Bxc3+ 6.Qxc3 b6 7.Bg5 Bb7 8.f3 d5
9.e3 Nbd7 10.Bd3 c5 11.cxd5 exd5 12.Ne2 h6 13.Bh4 Rc8 14.O-O Qe7 15.Bf5 cxd4
16.Qxd4 Rc4 17.Bxf6 Nxf6 18.Qd2 Re8 19.Bd3 Rc7 20.Kf2 Qe5 21.Ng3 Qg5 22.Rad1 g6
23.Rfe1 h5  1/2-1/2

[Event "CSR-ch"]
[Site "Trinec"]
[Date "1988.??.??"]
[Round "1"]
[White "Pekarek, Ales"]
[Black "Stohl, Igor"]
[Result "1/2-1/2"]
[WhiteElo "2455"]
[BlackElo "2445"]

1.d4 Nf6 2.c4 e6 3.Nc3 Bb4 4.Qc2 O-O 5.a3 Bxc3+ 6.Qxc3 b6 7.e3 Bb7 8.b3 d5
9.Nf3 Nbd7 10.Be2 c5 11.O-O dxc4 12.bxc4 Rc8 13.Bb2 cxd4 14.exd4 b5 15.c5 a6
16.a4 Nd5 17.Qd2 b4 18.a5 Qc7 19.Rfc1 Qf4 20.Bf1 Rfd8 21.Qxf4 Nxf4 22.Ra4 Nd5
23.Nd2 Rc7 24.Raa1 Nb8 25.Nc4 Nc6 26.Nd6 Ra8 27.Rc4 Nce7 28.g3 Bc6 29.Rc2 h6
30.Bc1 Rca7 31.Bd2 Bb5 32.Nxb5 axb5 33.Bxb5 Rxa5 34.Rxa5 Rxa5 35.Bc4 Nc6
36.Rb2 Nxd4 37.Bxb4 Nxb4 38.Rxb4 Rxc5 39.Rb8+ Kh7 40.Bd3+ g6 41.Kg2 Kg7 42.Rb7 g5
43.h3 h5 44.Be4 Re5 45.Bf3 h4 46.Bh5 Rf5 47.Bg4 Rb5 48.Rd7 Rd5 49.Bxe6 Rxd7  1/2-1/2

[Event "URS-ch otbor56"]
[Site "Uzhgorod"]
[Date "1988.??.??"]
[Round "?"]
[White "Karpman, Vadim"]
[Black "Ionov, Sergey"]
[Result "1/2-1/2"]
[WhiteElo "2490"]
[BlackElo "2360"]

1.d4 Nf6 2.c4 e6 3.Nc3 Bb4 4.Qc2 O-O 5.a3 Bxc3+ 6.Qxc3 b6 7.Nf3 Bb7 8.g3 a5
9.b3 d6 10.Bg2 Nbd7 11.O-O Qe7 12.Bb2 Rfe8 13.Rad1 Rab8 14.Rfe1 Be4 15.Bf1 c6
16.Nd2 d5 17.Nxe4 Nxe4 18.Qc2 f5 19.f3 Nd6 20.a4 Nf6 21.Ba3 Qd7 22.Bg2 b5
23.axb5 cxb5 24.Bxd6 Qxd6 25.c5 Qc7 26.Ra1 g6 27.e3 Ra8 28.Bf1 b4 29.Qd2 Ra7
30.Qd3 h5 31.Bg2 Rd8 32.Rad1 Kg7 33.e4 dxe4 34.fxe4 fxe4 35.Bxe4 e5 36.Qc4 Rxd4
37.Rxd4 exd4 38.Qxd4 Qe7 39.c6 Rc7 40.Re3 Qf7 41.Qe5 Re7 42.Bxg6 Rxe5 43.Bxf7 Rc5
44.Re7 Rxc6 45.Bxh5+ Kf8 46.Re5 a4 47.bxa4 b3 48.Bg6 Nd7 49.Re8+ Kg7 50.Bf5 b2
51.g4 Nf6 52.Re7+ Kf8 53.Rb7 Nxg4 54.Rxb2 Rc1+ 55.Kg2 Ne3+ 56.Kh3 Nxf5 57.Rf2 Rc5
58.Kg4 Rc4+ 59.Rf4 Rxf4+ 60.Kxf4 Nd4 61.a5 Nc6 62.a6 Kg7 63.Ke4  1/2-1/2

[Event "URS-ch otbor56"]
[Site "Uzhgorod"]
[Date "1988.??.??"]
[Round "?"]
[White "Karpman, Vadim"]
[Black "Ruban, Vadim"]
[Result "1-0"]
[WhiteElo "2490"]
[BlackElo "2395"]

1.d4 Nf6 2.c4 e6 3.Nc3 Bb4 4.Qc2 O-O 5.a3 Bxc3+ 6.Qxc3 b6 7.Nf3 Bb7 8.g3 c5
9.dxc5 bxc5 10.Bg2 Ne4 11.Qd3 d5 12.cxd5 Qxd5 13.Be3 Nd7 14.Qc2 Ndf6 15.Ng5 Qf5
16.Nxe4 Bxe4 17.Bxe4 Nxe4 18.Rc1 Qe5 19.Bf4 Qd5 20.f3 Nf6 21.Qxc5 Qb7 22.b4 Nd5
23.Bd2 Rfc8 24.Qd4 Qa6 25.Kf2 h6 26.Rxc8+ Rxc8 27.Rc1 Rxc1 28.Bxc1 Qa4 29.Bb2 f6
30.Qd3 a6 31.Bd4 Nc7 32.Qc4 Nd5 33.e4 Ne7 34.Qxe6+ Kf8 35.Bc5 Qc2+ 36.Kg1 Qd1+
37.Kg2 Qe2+ 38.Kh3 Qf1+ 39.Kh4  1-0

[Event "Uzhgorod"]
[Site "Uzhgorod"]
[Date "1988.??.??"]
[Round "?"]
[White "Stempin, Pawel"]
[Black "Basin, Leonid"]
[Result "1/2-1/2"]
[WhiteElo "2435"]
[BlackElo "2350"]

1.d4 Nf6 2.c4 e6 3.Nc3 Bb4 4.Qc2 O-O 5.Nf3 d6 6.g3 e5 7.Bg2 Re8 8.O-O c6
9.dxe5 dxe5 10.a3 Bf8 11.Rd1 Qc7 12.b4 a5 13.Rb1 axb4 14.axb4 Na6 15.c5 h6
16.Na4 Be6 17.e4 Rad8 18.Bd2 Qb8 19.Bc3 Rxd1+ 20.Rxd1 Nd7 21.h3 f6 22.Bf1 Nc7
23.Bb2 b5 24.cxb6 Nxb6 25.Nc5 Bf7  1/2-1/2

[Event "Uzhgorod"]
[Site "Uzhgorod"]
[Date "1988.??.??"]
[Round "?"]
[White "Stempin, Pawel"]
[Black "Magerramov, Elmar"]
[Result "1-0"]
[WhiteElo "2435"]
[BlackElo "2430"]

1.d4 Nf6 2.c4 e6 3.Nc3 Bb4 4.Qc2 O-O 5.Nf3 c5 6.dxc5 Na6 7.g3 Nxc5 8.Bg2 Nce4
9.Bd2 Nxd2 10.Nxd2 d5 11.O-O d4 12.Nce4 Ne8 13.Nb3 a5 14.Rad1 e5 15.c5 Be6
16.f4 f6 17.fxe5 fxe5 18.Rxf8+ Kxf8 19.a3 a4 20.Nxd4 exd4 21.axb4 Bb3 22.Rf1+ Kg8
23.Qd2 h6 24.Rf4 Nc7 25.Nd6 Ne6 26.Rf5 Rb8 27.Nxb7 Qe7 28.Nd6 Rf8 29.Rxf8+ Qxf8
30.Nb7 Qf5 31.h4 Bd5 32.Bxd5 Qxd5 33.Nd6 Qe5 34.Qd3 Nc7 35.Nf5 Nd5 36.e4 Ne3
37.Qxd4 Qxd4 38.Nxd4 Kf7 39.b5  1-0

[Event "URS-ch otbor56"]
[Site "Uzhgorod"]
[Date "1988.??.??"]
[Round "?"]
[White "Savon, Vladimir A"]
[Black "Gurevich, Vladimir"]
[Result "0-1"]
[WhiteElo "2430"]
[BlackElo "2400"]

1.d4 Nf6 2.c4 e6 3.Nc3 Bb4 4.Qc2 O-O 5.a3 Bxc3+ 6.Qxc3 b6 7.Nf3 Bb7 8.e3 d6
9.b3 Nbd7 10.Bb2 Qe7 11.Be2 Ne4 12.Qc2 f5 13.O-O Rae8 14.Ne1 Qh4 15.d5 Ndf6
16.Rd1 Qh6 17.Bxf6 Qxf6 18.Bf3 Ng5 19.Bh5 Re7 20.f4 Ne4 21.Bf3 exd5 22.cxd5 Ba6
23.Nd3 Qc3 24.Qxc3 Nxc3 25.Rd2 Rxe3 26.Rc1 Ne4 27.Bxe4 fxe4 28.Nb4 Bb5 29.a4 Rxb3
30.axb5 Rxb4 31.g3 Rf7 32.Ra1 Rxb5 33.Rxa7 Re7 34.Ra3 e3 35.Re2 Rxd5 36.Raxe3 Rxe3
37.Rxe3 Kf7 38.Kg2 b5 39.Kf3 c5 40.Ra3 b4 41.Ra7+ Kf6 42.g4  0-1

[Event "Wellington"]
[Site "Wellington"]
[Date "1988.??.??"]
[Round "?"]
[White "Ker, Anthony F"]
[Black "Chandler, Murray G"]
[Result "0-1"]
[WhiteElo "2410"]
[BlackElo "2590"]

1.d4 Nf6 2.c4 e6 3.Nc3 Bb4 4.Qc2 O-O 5.a3 Bxc3+ 6.Qxc3 b6 7.b4 Bb7 8.Nf3 d6
9.Bb2 Nbd7 10.e3 Ne4 11.Qc2 f5 12.Bd3 Ndf6 13.O-O Ng4 14.h3 Ngf6 15.Nd2 Ng5
16.f3 Qe8 17.h4 Nf7 18.e4 Nh6 19.exf5 exf5 20.Rfe1 Qh5 21.Re7 Ne8 22.d5 Qxh4
23.Rae1 Nf7 24.R7e2 f4 25.Nb3 Ng5 26.Qc3 Nf6 27.Nd4 Bc8 28.Bf5 Nh5 29.Re7 Qg3
30.Bxc8 Raxc8 31.Ne6 Nxf3+ 32.Kf1 Qxe1+ 33.Qxe1 Nxe1 34.Nxf8 Nd3 35.Bxg7 Nxg7
36.Ne6 Nxe6  0-1

[Event "Yerevan"]
[Site "Yerevan"]
[Date "1988.??.??"]
[Round "?"]
[White "Dokhoian, Yury"]
[Black "Smagin, Sergey"]
[Result "1/2-1/2"]
[WhiteElo "2515"]
[BlackElo "2540"]

1.d4 Nf6 2.c4 e6 3.Nc3 Bb4 4.Qc2 O-O 5.a3 Bxc3+ 6.Qxc3 b6 7.Nf3 Bb7 8.g3 c5
9.dxc5 Ne4 10.Qc2 Nxc5 11.Bg2 Be4 12.Qc3 Qf6 13.Qxf6 gxf6 14.Bh6 Rc8 15.Rc1 Nc6
16.b4 Nb3 17.Rc3 Nbd4 18.Kd2 b5 19.Nxd4 Bxg2 20.Nxc6 Bxc6 21.Rhc1 a6 22.g4 Kh8
23.f3 Rg8 24.h4 Rg6 25.Be3 h5 26.g5 Kh7 27.Rh1 e5 28.Rg1  1/2-1/2

[Event "Zuerich op"]
[Site "Zuerich"]
[Date "1988.??.??"]
[Round "5"]
[White "Mohr, Stefan"]
[Black "Klinger, Josef"]
[Result "1/2-1/2"]
[WhiteElo "2470"]
[BlackElo "2475"]

1.d4 e6 2.c4 Nf6 3.Nc3 Bb4 4.Qc2 O-O 5.a3 Bxc3+ 6.Qxc3 b6 7.Nf3 Bb7 8.b4 a5
9.Bb2 Ne4 10.Qb3 axb4 11.axb4 Rxa1+ 12.Bxa1 Nc6 13.Bb2 Qe7 14.Ba3 Qf6 15.e3 Ne7
16.Be2 Ng5 17.Ne5 Bxg2 18.Rg1 Bc6 19.b5 Nh3 20.Ng4 Qh4 21.Rg3 d6 22.bxc6 Nf5
23.e4 Nxg3 24.hxg3 Qg5 25.e5 h5 26.Nh2 h4 27.exd6 hxg3 28.Qxg3 Qf5 29.Kf1 Nf4
30.Bd1 Qe4 31.Nf3 Qd3+ 32.Kg1 Qxd1+ 33.Kh2 Ne2 34.Qh4 cxd6 35.Bxd6 Re8 36.c7 f6
37.Kg2 Qa4 38.Qh5 Qc6 39.c5 Nxd4 40.Qxe8+ Qxe8 41.Nxd4 bxc5 42.Nb5 Qc6+ 43.f3 Kh7
44.Na7 Qxd6 45.c8=Q Qd2+ 46.Kh3 Qd5 47.Kg3 c4 48.Nc6 c3 49.Nd8 Qd6+ 50.Kh3 Qd1
51.Nxe6 c2 52.Nf8+ Kh6 53.Qf5  1/2-1/2

[Event "Albacete"]
[Site "Albacete"]
[Date "1989.??.??"]
[Round "2"]
[White "Rivas Pastor, Manuel"]
[Black "Gomez Esteban, Juan Mario"]
[Result "1/2-1/2"]
[WhiteElo "2505"]
[BlackElo "2460"]

1.d4 Nf6 2.c4 e6 3.Nc3 Bb4 4.Qc2 O-O 5.a3 Bxc3+ 6.Qxc3 b6 7.f3 d5 8.Bg5 dxc4
9.Qxc4 Ba6 10.Qa4 h6 11.Bh4  1/2-1/2

[Event "AUT-ch"]
[Site "?"]
[Date "1989.??.??"]
[Round "9"]
[White "Hoelzl, Franz"]
[Black "Lendwai, Reinhard"]
[Result "1-0"]
[WhiteElo "2350"]
[BlackElo "2340"]

1.d4 Nf6 2.c4 e6 3.Nc3 Bb4 4.Qc2 O-O 5.Bg5 h6 6.Bh4 d6 7.e3 e5 8.Ne2 Nbd7
9.O-O-O Bxc3 10.Nxc3 c6 11.Bd3 Qa5 12.f4 exd4 13.exd4 b5 14.cxb5 cxb5 15.Bxb5 Bb7
16.Qa4 Qc7 17.Kb1 Nb6 18.Qa5 Ne4 19.Rc1 Rac8 20.Bd3 Nd2+ 21.Ka1 d5 22.Ne2 Ndc4
23.Qb4 a5 24.Qe1 Qd6 25.b3 Ne3 26.Qg3 Rfe8 27.f5 Qxg3 28.Bxg3 a4 29.Bb5 Re4
30.Nc3 axb3 31.Nxe4 Nc2+ 32.Rxc2 bxc2 33.Nc5 Bc6  1-0

[Event "Bad Mergentheim op"]
[Site "Bad Mergentheim"]
[Date "1989.??.??"]
[Round "?"]
[White "Effert, Kai"]
[Black "Farago, Ivan"]
[Result "0-1"]
[WhiteElo "2325"]
[BlackElo "2495"]

1.d4 e6 2.c4 Nf6 3.Nc3 Bb4 4.Qc2 O-O 5.a3 Bxc3+ 6.Qxc3 b6 7.Bg5 Ba6 8.d5 Nxd5
9.Bxd8 Nxc3 10.Bxc7 Na4 11.b3 Nc5 12.Rb1 Rc8 13.Bf4 d5 14.cxd5 exd5 15.Bxb8 Raxb8
16.Nf3 Ne4 17.Nd4 Nc3 18.Rb2 Nb5 19.Nxb5 Bxb5 20.Kd2 d4 21.g3 Re8 22.Rc2 Re7
23.a4 Ba6 24.b4 Rbe8 25.b5 Bb7 26.Rg1 d3 27.exd3 Re1 28.Rc7 Bf3 29.Rxa7 h5
30.a5 bxa5 31.Rxa5 Rd1+ 32.Kc2 Rc8+ 33.Kb2 Rd2+ 34.Kb1 Rc5 35.Bg2 Be2 36.Be4 f5
37.Bc6 Bxd3+ 38.Ka1 Rxf2 39.Ra8+ Kh7 40.b6 Rxc6 41.b7 Rb6 42.b8=Q Rxb8 43.Rxb8 Rxh2
44.Rb2 Rh3 45.Rb6 Be4 46.Kb2 g6 47.Kc1 Kh6 48.Kd2 Kg5 49.Ke1 Rh2 50.Rd6 Ra2
51.Rb6 Bf3 52.Rd6 Rc2 53.Rf1 Re2+ 54.Kd1 Re6+  0-1

[Event "FRG-ch"]
[Site "Bad Neuenahr"]
[Date "1989.??.??"]
[Round "?"]
[White "Hort, Vlastimil"]
[Black "Ott, Frank"]
[Result "1-0"]
[WhiteElo "2580"]
[BlackElo "2305"]

1.d4 Nf6 2.c4 e6 3.Nc3 Bb4 4.Qc2 O-O 5.Nf3 c5 6.e3 b6 7.a3 Bxc3+ 8.Qxc3 d6
9.b4 Nbd7 10.Be2 Bb7 11.O-O Ne4 12.Qd3 Qe7 13.Nd2 f5 14.Rb1 Rad8 15.f3 Nxd2
16.Bxd2 e5 17.bxc5 dxc5 18.d5 Nf6 19.Qc2 Rd6 20.Bc3 Bc8 21.a4 a5 22.Rb3 Nd7
23.Bd3 Ba6 24.Ba1 Qh4 25.Qf2 Rh6 26.Qxh4 Rxh4 27.f4 e4 28.Be2 Kf7 29.Rfb1 Rh6
30.Be5 Rc8 31.h3 Kf8 32.Kh2 g5 33.fxg5 Nxe5 34.gxh6 Bxc4 35.Bxc4 Nxc4 36.Rc3  1-0

[Event "Bad Orb op"]
[Site "Bad Orb"]
[Date "1989.??.??"]
[Round "?"]
[White "Cmiel, Thorsten"]
[Black "Eperjesi, Laszlo"]
[Result "1/2-1/2"]
[WhiteElo "2305"]
[BlackElo "2375"]

1.d4 Nf6 2.c4 e6 3.Nc3 Bb4 4.Qc2 O-O 5.Bg5 b6 6.a3 Bxc3+ 7.Qxc3 Bb7 8.f3 d6
9.e4 h6 10.Bh4 c5 11.d5 e5 12.Bf2 Nh5 13.g3 Nd7 14.Bd3  1/2-1/2

[Event "GMA-qual"]
[Site "Belgorod"]
[Date "1989.??.??"]
[Round "?"]
[White "Tunik, Gennady"]
[Black "Moldobaev, Emil"]
[Result "1-0"]
[WhiteElo "2435"]
[BlackElo "2375"]

1.d4 Nf6 2.c4 e6 3.Nc3 Bb4 4.Qc2 O-O 5.Bg5 d6 6.e3 h6 7.Bh4 b6 8.Ne2 c5 9.O-O-O cxd4
10.Nxd4 Bxc3 11.Qxc3 Nbd7 12.Qa3 Nc5 13.f3 Bb7 14.e4 Qe7 15.Kb1 a6 16.Qe3 Rfc8
17.h3 Ncd7 18.f4 Qf8 19.Bd3 Ne8 20.f5 e5 21.Ne2 Nc5 22.Nc3 Nc7 23.g4 b5 24.Nd5 bxc4
25.Bxc4 Nxd5 26.Bxd5 Rab8 27.Be1 Bxd5 28.Rxd5 Nd7 29.Ba5 Nf6 30.Rdd1 Rc4
31.Qd3 Rxe4 32.Qxd6 Qxd6 33.Rxd6 Re2 34.Rd2 Rxd2 35.Bxd2 Ne4 36.Be1 f6 37.Kc2 Rd8
38.Rh2 Rd4 39.Re2 Kf7 40.Re3 Rc4+ 41.Kd3 Rd4+ 42.Ke2 h5 43.Ra3 hxg4 44.hxg4 Rd6
45.Ke3 Ng5 46.Rd3 Rb6 47.Rd7+ Ke8 48.Rxg7 Rxb2 49.Bh4 Rxa2 50.Bxg5 fxg5 51.Ke4 Ra4+
52.Kd5 e4 53.Ke6 Kf8 54.Rf7+ Ke8 55.Re7+ Kd8 56.Kf6 e3 57.Rxe3 Rxg4 58.Ra3 Rg1
59.Kg7 g4 60.f6 Rf1 61.Rxa6 Rf5 62.Ra4  1-0

[Event "GMA-qual"]
[Site "Belgorod"]
[Date "1989.??.??"]
[Round "?"]
[White "Yakovich, Yuri"]
[Black "Moldobaev, Emil"]
[Result "1/2-1/2"]
[WhiteElo "2455"]
[BlackElo "2375"]

1.d4 Nf6 2.c4 e6 3.Nc3 Bb4 4.Qc2 O-O 5.a3 Bxc3+ 6.Qxc3 d6 7.Bg5 Nbd7 8.Nf3 Re8
9.e3 e5 10.Be2 Qe7 11.Qc2 Nf8 12.O-O-O h6 13.Bh4 Ng6 14.Bg3 e4 15.Nd2 a5
16.Nb1 Bg4 17.Nc3 Bxe2 18.Qxe2 Qd7 19.Kb1 Re7 20.Rc1 Qf5 21.h3 Rd8 22.Nb5 Ne8
23.c5 d5 24.Ka1 Qe6 25.h4 Qa6 26.h5 Nf8 27.Bh4 f6 28.Rhe1 Ne6 29.Nc3 Qxe2
30.Rxe2 Ng5 31.b4 axb4 32.axb4 f5 33.Ra2 Nf6 34.Ra7 c6 35.Rh1 Rf7 36.Kb2 Rc8
37.Kb3 f4 38.b5 fxe3 39.fxe3 Ng4 40.Re1 Ne6 41.Kb4 Nxe3 42.Rxe3 Nxd4 43.Ra2 Nf5
44.Rh3 Re8 45.Ne2  1/2-1/2

[Event "Belgrade op"]
[Site "Belgrade"]
[Date "1989.??.??"]
[Round "5"]
[White "Drasko, Milan"]
[Black "Vasiljevic, Dragan"]
[Result "1-0"]
[WhiteElo "2485"]
[BlackElo "2315"]

1.d4 Nf6 2.c4 e6 3.Nc3 Bb4 4.Qc2 O-O 5.a3 Bxc3+ 6.Qxc3 d6 7.Bg5 h6 8.Bh4 Nbd7
9.e3 Qe8 10.f3 Nh7 11.Bd3 f5 12.Ne2 b6 13.b4 a5 14.O-O Bb7 15.c5 bxc5 16.bxc5 Ndf6
17.Rab1 Ba6 18.cxd6 cxd6 19.Bxa6 Rxa6 20.Rfc1 Nd5 21.Qd3 Ra7 22.Bg3 Qd7 23.Rb2 Nhf6
24.e4 fxe4 25.fxe4 Ne7 26.Rb6 Nc8 27.Rbc6 d5 28.exd5 exd5 29.Be5 Ne4 30.Ng3 Ncd6
31.Nxe4 dxe4 32.Qe2 Nf7 33.Qxe4 Nxe5 34.dxe5 Qd2 35.R6c2 Qg5 36.e6 Re7 37.Rc8 Ree8
38.R8c7 Qf6 39.h3 Qxe6 40.Qxe6+ Rxe6 41.R1c3 Rf7 42.Rxf7 Kxf7 43.Rc5 Ra6
44.a4 Ke6 45.Kf2 Kd6 46.Rb5 Kc6 47.Kf3 Ra7 48.Kf4 g6 49.g4 Ra6 50.Ke5 Kd7
51.Rb7+ Ke8 52.Rh7 g5 53.Kf5 Kf8 54.Rb7 Ke8 55.Rg7 Rc6 56.Rg6 Rc5+ 57.Kf6 Rc4
58.Rxh6 Rxa4 59.Kxg5 Ra3 60.h4 Rc3 61.h5 a4 62.Ra6 a3 63.h6 Kf7 64.Ra7+  1-0